Línea amarilla 4.

Saved in:
Bibliographic Details
Main Author: Dietz, Margit (autor)
Other Authors: Navarro González, Javier (autor), Pérez Cañizares, Pilar (autor), Rojas Riether, María Victoria (autor), Ruiz Holst, Matthias (autor), Stascheit, Beate (autor), Steggewentz, Ina (autor), Wagner Civera, María (autor)
Format: Book
Published: Stuttgart, Deutschland: Ernst Klett, 2009.
Edition:1 auflage.
Subjects:
Tags: Add Tag
No Tags, Be the first to tag this record!

MARC

LEADER 00000nam a22000007a 4500
003 CL-VaPUC
005 20241007165414.0
008 241001t2009 ||||| |||| 00| 0 eng d
999 |c 444942  |d 444940 
020 |a 978-3-12-536930-6 
040 |c Pontificia Universidad Católica de Valparaíso 
082 |a 468.2431 DIE 2009  |2 22 
100 |a Dietz, Margit  |e autor  |9 891889 
245 |a Línea amarilla 4. 
250 |a 1 auflage. 
260 |a Stuttgart, Deutschland:  |b Ernst Klett,  |c 2009. 
300 |a 192 páginas. 
583 |c 20241001  |k Catalogador Asistente 
650 0 |9 339820  |a Enseñanza de idiomas  |x Idioma español  |x Habilidades de lectura y escritura en español  |v Manuales de estudio  |v Ejercicios prácticos  
650 0 |9 890126  |a Spanish language  |v Exercises and problems  |x Study and teaching  |x Foreign speakers 
650 0 |9 861128  |a Second language acquisition  |x Spanish 
700 |a Navarro González, Javier  |e autor  |9 891877 
700 |a Pérez Cañizares, Pilar  |e autor  |9 891886 
700 |a Rojas Riether, María Victoria  |e autor  |9 891878 
700 |a Ruiz Holst, Matthias  |e autor  |9 891879 
700 |a Stascheit, Beate  |e autor  |9 891880 
700 |a Steggewentz, Ina  |e autor  |9 891882 
700 |a Wagner Civera, María  |e autor  |9 891883 
942 |2 ddc  |c BK 
952 |0 0  |1 0  |2 ddc  |4 0  |6 468_243100000000000_DIE_2009  |7 0  |8 A  |9 597102  |a BIBGIM  |b BIBGIM  |d 2024-10-01  |e Donación  |i 5662915  |o 468.2431 DIE 2009  |p 5662915  |r 2025-01-15  |t 1  |w 2024-10-01  |y BK  |k ELE